Wine Regions of New Zealand (typing) - Statistics

General Stats
  • This quiz has been taken 149 times
  • The average score is 6 of 7
Answers on the Map
Answers color-coded by a green-red scale on the quiz's map according to % correct below.
 
Answer Stats
Region % Correct
Hawke's Bay
98%
Marlborough
98%
Central Otago
95%
Martinborough
91%
Nelson
79%
Gisborne
74%
Canterbury
72%
No matching quizzes found
Score Distribution
Percent of People with Each Score
Percentile by Number Answered
Your Score History
You have not taken this quiz